000 00657nam a22001577a 4500
008 160527b xxu||||| |||| 00| 0 eng d
082 _22014
_aUT 0651
_bC76
100 _99354
_aConol, Almira Joy T.
245 _aFactors affecting the production and level of competitiveness of tarpaulin printing business in Digos City/
_cAlmira Joy T. Conol, Michael A. Lagande and Jim D. Villagonzalo.
260 _aDigos City:
_bUMDC
_cJanuary 2014.
300 _a66 pages;
_c29 cm.
650 0 _99352
_aBusiness Administration
_xMarketing Management
_yUndergraduate thesis.
700 _99349
_aLagunde, Michael A.
700 _99350
_aVillagonzalo, Jim D.
942 _2ddc
_cUT
999 _c2819
_d2819